Great British Railways - Train Operating Companies - Statistics

General Stats
  • This quiz has been taken 747 times
    583 since last reset
  • The average score is 15 of 30
Answer Stats
Hint Answer % Correct
Franchise (or part of) Great Western Railway
81%
Franchise (or part of) London North Eastern Railway
78%
Franchise (or part of) Northern Trains
76%
Franchise (or part of) ScotRail
72%
Franchise (or part of) Southern
72%
Franchise (or part of) South Western Railway
66%
Franchise (or part of) Avanti West Coast
64%
Franchise (or part of) Southeastern
61%
Franchise (or part of) CrossCountry
57%
Franchise (or part of) Thameslink
57%
Franchise (or part of) Transport for Wales
57%
Open Access (International) Eurostar
55%
TfL Concession London Overground
54%
Franchise (or part of) Greater Anglia
51%
Franchise (or part of) TransPennine Express
51%
Franchise (or part of) East Midlands Railway
49%
Franchise (or part of) West Midlands Railway
49%
Open Access Hull Trains
48%
Open Access Lumo
47%
TfL Concession Elizabeth Line
46%
Open Access Grand Central
41%
Franchise (or part of) Chiltern Railways
40%
Franchise (or part of) Great Northern
39%
Local Transport Contract Merseyrail
38%
Franchise (or part of) c2c
35%
Franchise (or part of) Gatwick Express
33%
Open Access Heathrow Express
32%
Franchise (or part of) London North Western Railway
30%
Franchise (or part of) Caledonian Sleeper
29%
Franchise (or part of) Stansted Express
14%
No matching quizzes found
Score Distribution
Percent of People with Each Score
Percentile by Number Answered
Your Score History
You have not taken this quiz since the last reset